000 01114nam1a22002651i 4500
001 rc\4930467
005 20240921163503.0
035 _a(NLR Aleph) 008787696
090 _a8021294
_c8021294
100 _a20130426d1964 |||y0rusy50 ca
101 0 _arus
102 _aRU
105 _a z |||||
200 1 _aРазделение воздуха методом глубокого охлаждения
_eТехнология и оборудование
_eВ 2 т.
_fПод ред. канд. техн. наук В.И. Епифановой, д-ра техн. наук Л.С. Аксельрода. Т. 1-
210 _aМосква
_cМашиностроение
_d1964
215 _d27
606 _aВоздух
_xСжижение и разделение
_2psbo
606 _aГлубокое охлаждение
_2psbo
702 1 _4340
_7ca
_8rus
_aЕпифанова
_bВ. И.
_f1915-2001
_gВера Ивановна
_9246250
_3RU\NLR\AUTH\770246306
702 1 _aАксельрод
_bЛ. С.
_4340
801 0 _aRU
_bNLR
_gpsbo
801 1 _aRU
_bELAR
_2rusmarc
852 _aNLR
_j64-7/1363
942 _cBOOK